Manual of land acquisition for the state of Gujarat (Record no. 499078)

000 -LEADER
fixed length control field 00347cam a22001097a 4500
008 - FIXED-LENGTH DATA ELEMENTS--GENERAL INFORMATION
fixed length control field 180718b1971 xxu||||| |||| 00| 0 eng d
082 ## - DEWEY DECIMAL CLASSIFICATION NUMBER
Classification number Y11037x5441 G949
100 ## - MAIN ENTRY--PERSONAL NAME
Personal name Anderson, F.G. Hartnell
245 ## - TITLE STATEMENT
Title Manual of land acquisition for the state of Gujarat
Statement of responsibility, etc. by F.G. Hartnell Anderson
260 ## - PUBLICATION, DISTRIBUTION, ETC.
Place of publication, distribution, etc. Baroda
Name of publisher, distributor, etc. Government Press
Date of publication, distribution, etc. 1971
300 ## - PHYSICAL DESCRIPTION
Extent 304+p.
Holdings
Withdrawn status Lost status Damaged status Not for loan Permanent Location Current Location Date acquired Full call number Barcode Date last seen Price effective from Koha item type
        Indian Institute of Public Administration Indian Institute of Public Administration 2018-08-04 Y11037x5441 G949 G11194 2018-08-04 2018-08-04 G

Powered by Koha